İlk aşk/ (Record no. 13912)

MARC details
000 -BAŞLIK
Sabit Uzunlukta Kontrol Alanı 00664nam a22002177a 4500
999 ## - SİSTEM KONTROL NUMARALARI (KOHA)
Koha Biblionumber 13912
Koha Biblioitemnumber 13912
003 - KONTROL NUMARASI IDENTIFIER
Denetim Alanı MIRAKIL
005 - SON İŞLEM TARİHİ VE ZAMANI
Denetim Alanı 20200818104919.0
008 - SABİT-BOY VERİ ELEMANLARI - GENEL BİLGİLER
Sabit Uzunlukta Kontrol Alanı 200818b tu ||||| |||| 00| 0 tur d
020 ## - ULUSLARARASI STANDART KİTAP NUMARASI
Uluslararası Standart Kitap Numarası 9756551364
040 ## - KATALOGLAMA KAYNAK
Orijinal Kataloglama Ajansı TR-AnCHP
Metne Dönüştürmek Ajansı TR-AnCHP
041 ## - DİL KODU
Metin / Ses Parça Veya Ayrı Başlığın Dil Kodu tur
082 ## - DEWEY ONLU SINIFLANDIRMA NUMARASI
Sınıflandırma Numarası 891.73
Ürün Numarası T86i 2003
100 ## - ANA GİRİŞ - KİŞİSEL İSİM
Kişisel Ad Turgenyev, İvan Sergeyeviç
245 10 - BAŞLIK TABLOSU
Başlık İlk aşk/
Sorumluluk Tablosu, Vb İvan Sergeyeviç Turgenyev; çeviren Ülker Baykal.
260 ## - YAYIN, DAĞITIM, VB
Yayın, Dağıtım, Vb Yeri Ankara:
Yayıncı, Dağıtıcı, Vs Adı ÜBL Yayınları,
Yayın, Dağıtım, Vb Tarihi 2003.
300 ## - FİZİKSEL TANIM
Kapsam 126 s.:
Boyutlar 19 sm.
490 0# - SERİSİ TABLOSU
Seri Beyanı ÜBL Yayınları ;
-- Dünya Klasikleri dizisi;
Hacim / Ardışık Tanımı 21.
650 #0 - KONU KATMA GİRİŞ - TOPİKAL DÖNEM
9 (RLIN) 5112
Topikal Süreli Veya Coğrafi Ad Giriş Elemanı Rus Edebiyatı
Genel Alt Bölümü Hikaye
700 ## - KATMA GİRİŞ - KİŞİSEL İSİM
9 (RLIN) 6413
Kişisel Ad Baykal, Ülker
Relator Terim çev.
942 ## - EKLENDİ GİRİŞ ELEMANLARI (KOHA)
Sınıflandırma Veya Raf Düzeni Kaynak Dewey Decimal Classification
Koha Öğesi Türü Books
Holdings
Kalıcı Konum Mevcut Konum Edinme Tarihi Toplam Check-Out'Lar Tam Çağrı Numarası Barkod Tarih Son Görülme İtibaren Geçerli Fiyatlar Sigara Kamu Notu Koha Öğesi Türü
CHP Kütüphanesi CHP Kütüphanesi 08/18/2020   891.73 T86i 2003 019386 08/18/2020 08/18/2020 Emine Başak Alkan Bağışıdır. Books